JRE-IKSTシリーズ 管理名称から汎用路線名 - Statistics

General Stats
  • This quiz has been taken 11 times
  • The average score is 36 of 44
Answer Stats
JRE-IKST 整理番号 汎用路線名 汎用路線外使用駅 % Correct
-001 首都圏15 京葉線
100%
-002 首都圏17 武蔵野線
100%
-003 首都圏10 中央・総武緩行線
100%
-007 首都圏1 京浜東北・根岸線
100%
-006 首都圏5 埼京・川越線相鉄・JR直通線
100%
-010 首都圏11 山手線
90%
-011 首都圏7 常磐緩行線 新宿・中野
90%
-013 首都圏12 常磐線
90%
-009 首都圏6 高崎線 新宿
80%
-012 首都圏9 中央本線 松本
80%
-014 首都圏20 南武線 大宮
80%
-015 首都圏4 横須賀・総武快速線
80%
-016 首都圏8 中央快速線
80%
-017 首都圏2 横浜線 中野・津田沼・西船橋
80%
-018 首都圏19 湘南新宿ライン 熱海
80%
-019 首都圏18 鶴見線 東所沢・西船橋・吉川美南
80%
-020 首都圏21 伊東線 上野・松戸・取手
80%
-022 首都圏36 内房線
80%
-023 首都圏24 小海線
80%
-025 首都圏26 上越線
80%
-026 首都圏25 信越本線
80%
-027 首都圏33 外房線
80%
-028 首都圏27 両毛線
80%
-031 首都圏32 水郡線
80%
-036 東北102 磐越東線
80%
-038 首都圏28 吾妻線
80%
-039 首都圏34 総武本線
80%
-042 首都圏35 成田線
80%
-044 首都圏38 東金線
80%
-047 首都圏37 鹿島線(水戸線) (小山)
80%
首都圏29 山田線(日光線) (宇都宮)
80%
首都圏39 篠ノ井線
80%
首都圏40 大糸線
80%
首都圏43 相模線
80%
東北104 田沢湖線
80%
東北105 大船渡線
80%
東北106 奥羽本線
80%
-101 東北101 東北新幹線
80%
-102 首都圏30 上越新幹線
80%
-105 首都圏31 北陸新幹線
80%
-021 首都圏3 東海道線宇都宮線
東北本線
新宿
80%
首都圏41 青梅線五日市線
80%
東北107 津軽線
70%
東北108 釜石線
70%
No matching quizzes found
Score Distribution
Percent of People with Each Score
Percentile by Number Answered
Your Score History
You have not taken this quiz